| 000 | 00676nam a22002297a 4500 | ||
|---|---|---|---|
| 001 | BR6005871 | ||
| 003 | BR-BrBNA | ||
| 005 | 20230928095559.0 | ||
| 007 | ta | ||
| 008 | 230509b bl.||||| |||| 00| 0 por d | ||
| 040 |
_aBR-BrBNA _bpor _cBiblioteca Nacional de Agricultura |
||
| 041 | _a(Por) | ||
| 072 | _aE30 | ||
| 090 | _ E30 BR6005871 | ||
| 110 | 1 |
_aSuperintendencia do Vale do Sao Francisco, Aracaju, SE (Brasil) _910218 |
|
| 245 | 1 | _aSUVALE uma nova mensagem de desenvolvimento para a regiao Sao Franciscana | |
| 260 | 3 |
_aAracaju, SE (Brasil): _c[nd]. |
|
| 300 | _a15 p. | ||
| 500 | _aPublished after 1974 | ||
| 909 |
_a202309 _bLucia _c55 _dLucia Elande |
||
| 942 | _cBK | ||
| 999 |
_c57413 _d57413 |
||